[Event "Netanya op"]
[Site "Netanya"]
[Date "2019.06.30"]
[Round "7"]
[White "Sivan, Guy"]
[Black "Friedland, Benzi"]
[Result "1-0"]
[WhiteElo "1246"]
[BlackElo "1189"]
[PlyCount "51"]
[EventDate "2019.06.23"]
[EventType "swiss"]
[EventRounds "9"]
[EventCountry "ISR"]
[SourceTitle "CBM 191 Extra"]
[Source "ChessBase"]
[SourceDate "2019.09.30"]
[SourceVersion "1"]
[SourceVersionDate "2019.09.30"]
[SourceQuality "1"]

1. e4 d5 2. exd5 Qxd5 3. Nc3 Qa5 4. d4 Nf6 5. Bd2 c6 6. Bc4 Bf5 7. Nd5 Qd8 8. Nxf6+ gxf6 9. Nf3 h6 10. 0-0 e6 11. Re1 Nd7 12. Nh4 Bh7 13. Qh5 Bg8 14. Rxe6+ Be7 15. Rae1 Kf8 16. Bxh6+ Ke8 17. Rxe7+ Qxe7 18. Rxe7+ Kxe7 19. Bf8+ Nxf8 20. Qxh8 Ne6 21. Nf5+ Kd7 22. Qxf6 Kc7 23. Qe7+ Kb6 24. Nd6 Rb8 25. Ne8 Rc8 26. Qb4# 1-0